00833nam a22002417a 4500003000500000005001700005008004100022010001000063011001000073020001500083035001100098040000900109082001700118110007900135245016100214260002600375300002100401490004000422650002300462650002600485650004000511830004000551CHAP20220817044337.0100429s2009 fr r 00010 spa d a98294 a99266 a9264026576 a109952 cCHAP04a333.72bOc192 aOrganización para la Cooperación y el Desarrollo Económicos. París10aApplying strategic environmental assessment :bgood practice guidance for development cooperationc/by Organisation for Economic Cooperation and Development aParis :bOCDE,cc2006 a160 p. :btablas 0aDAC guidelines and reference series14aImpacto ambiental.14aPolítica ambiental.14aRecursos naturalesxConservación. 0aDAC guidelines and reference series